<?xml version="1.0" encoding="UTF-8"?>
<record
    xmlns:xsi="http://www.w3.org/2001/XMLSchema-instance"
    xsi:schemaLocation="http://www.loc.gov/MARC21/slim http://www.loc.gov/standards/marcxml/schema/MARC21slim.xsd"
    xmlns="http://www.loc.gov/MARC21/slim">

  <leader>00710nam a22001817a 4500</leader>
  <datafield tag="999" ind1=" " ind2=" ">
    <subfield code="c">178576</subfield>
    <subfield code="d">178576</subfield>
  </datafield>
  <controlfield tag="005">20210407105838.0</controlfield>
  <datafield tag="010" ind1=" " ind2=" ">
    <subfield code="a">ENG-129379</subfield>
  </datafield>
  <datafield tag="020" ind1=" " ind2=" ">
    <subfield code="c">255.00</subfield>
    <subfield code="a">978-93-544-9117-7</subfield>
  </datafield>
  <datafield tag="035" ind1=" " ind2=" ">
    <subfield code="a">EN-112911</subfield>
  </datafield>
  <datafield tag="037" ind1=" " ind2=" ">
    <subfield code="b">DBAD/PUB</subfield>
  </datafield>
  <datafield tag="082" ind1=" " ind2=" ">
    <subfield code="a">370.78</subfield>
  </datafield>
  <datafield tag="100" ind1=" " ind2=" ">
    <subfield code="a">Madaan, K V S</subfield>
  </datafield>
  <datafield tag="245" ind1=" " ind2=" ">
    <subfield code="a">NTA UGC NET SET JRF Teachiing and Research Aptitude: Previous Years Solved Papers 2012-2020: Paper I 2021/</subfield>
    <subfield code="b">K V S Madaan</subfield>
  </datafield>
  <datafield tag="260" ind1=" " ind2=" ">
    <subfield code="a">Noida</subfield>
    <subfield code="b">Pearson</subfield>
    <subfield code="c">2021</subfield>
  </datafield>
  <datafield tag="270" ind1=" " ind2=" ">
    <subfield code="a">15th floor,Tower-B,Word Trade Tower,Plot no.1,Block-C sec 16,</subfield>
    <subfield code="b">Noida</subfield>
    <subfield code="e">201301</subfield>
    <subfield code="k">04466540100</subfield>
    <subfield code="m">companysecretary.india@pearson.com</subfield>
  </datafield>
  <datafield tag="300" ind1=" " ind2=" ">
    <subfield code="a">xl+320p.</subfield>
    <subfield code="c">25cm(pbk)</subfield>
    <subfield code="b">Geometrical Diagrams and illustrations.</subfield>
  </datafield>
  <datafield tag="942" ind1=" " ind2=" ">
    <subfield code="2">ddc</subfield>
    <subfield code="c">EN</subfield>
    <subfield code="h">370.78</subfield>
    <subfield code="m">MAD</subfield>
  </datafield>
  <datafield tag="952" ind1=" " ind2=" ">
    <subfield code="0">0</subfield>
    <subfield code="1">0</subfield>
    <subfield code="4">0</subfield>
    <subfield code="7">0</subfield>
    <subfield code="8">NFIC</subfield>
    <subfield code="a">BN</subfield>
    <subfield code="b">BN</subfield>
    <subfield code="d">2021-04-07</subfield>
    <subfield code="e">DBAD/PUB</subfield>
    <subfield code="g">255.00</subfield>
    <subfield code="l">7</subfield>
    <subfield code="m">1</subfield>
    <subfield code="o">370.78 MAD</subfield>
    <subfield code="p">EN-112911</subfield>
    <subfield code="r">2024-12-30 00:00:00</subfield>
    <subfield code="s">2024-12-19</subfield>
    <subfield code="t">1</subfield>
    <subfield code="v">255.00</subfield>
    <subfield code="w">2021-04-07</subfield>
    <subfield code="y">EN</subfield>
  </datafield>
</record>
